Library of the University of Algiers 3
Ibrahim Sultan Cheibout
شعار جامعة الجزائر 3
مكتبة جامعة الجزائر 3
إبراهيم سلطان شيبوط

Handout in statistics 3 / (رقم التسجيلة. 41510)

تفاصيل مارك
000 -LEADER
fixed length control field 01946nam a2200241Ia 4500
003 - CONTROL NUMBER IDENTIFIER
control field Ost
005 - DATE AND TIME OF LATEST TRANSACTION
control field 20260426125805.0
008 - FIXED-LENGTH DATA ELEMENTS--GENERAL INFORMATION
fixed length control field 260426s9999||||xx |||||||||||||| ||und||
040 ## - CATALOGING SOURCE
Transcribing agency fsecg
041 ## - LANGUAGE CODE
Language code of text/sound track or separate title eng
082 ## - DEWEY DECIMAL CLASSIFICATION NUMBER
Classification number 519.2
100 ## - MAIN ENTRY--PERSONAL NAME
Personal name Touatte, Othmane
Relator term Author
245 #0 - TITLE STATEMENT
Title Handout in statistics 3 /
Statement of responsibility, etc. Othmane Touatte
260 ## - PUBLICATION, DISTRIBUTION, ETC.
Place of publication, distribution, etc. Algiers :
Name of publisher, distributor, etc. University of Algiers 3 Faculty of Economics Commercial Sciences and Management,
Date of publication, distribution, etc. 2026
300 ## - PHYSICAL DESCRIPTION
Extent 101 paper,
Dimensions 12 cm
504 ## - BIBLIOGRAPHY, ETC. NOTE
Bibliography, etc. note Idex paper 98 -101 refrences paper 6
520 ## - SUMMARY, ETC.
Summary, etc. This handout presents the main concepts and applications of Statistics 3 for second-year students in economics, commercial sciences, and management. It aims to provide a comprehensive introduction to probability distributions and their role in statistical analysis and decision-making. The material explains both discrete and continuous probability distributions and highlights their theoretical foundations and practical applications. Key discrete distributions discussed include the uniform, Bernoulli, binomial, Poisson, geometric, and hypergeometric distributions. Continuous distributions such as the uniform, normal, exponential, gamma, beta, chi-square, Student’s t, and Fisher’s F distributions are also examined. The handout further explores joint distributions of two random variables, including marginal and conditional distributions, covariance, and correlation. Through explanations, examples, and practical exercises, students develop analytical and problem-solving skills. The objective is to help learners understand statistical concepts and apply them effectively in real-world contexts related to economics, business, and data analysis.
653 ## - INDEX TERM--UNCONTROLLED
Uncontrolled term Mathematical statistics
653 ## - INDEX TERM--UNCONTROLLED
Uncontrolled term Probability Distributions
653 ## - INDEX TERM--UNCONTROLLED
Uncontrolled term Statistics
710 ## - ADDED ENTRY--CORPORATE NAME
Corporate name or jurisdiction name as entry element University of Algiers 3 Faculty of Economics Commercial Sciences and Management
Relator term Scientific publisher
942 ## - ADDED ENTRY ELEMENTS (KOHA)
Koha item type مطبوعات

لا توجد مواد متاحة.

موارد الويب المفتوحة


© University of Algiers 3 All Rights Reserved
|
Implemented by LECHELAH Riad